Регионална библиотека "Любен Каравелов" - Русе

Пътят се простира далеко (Запис номер 152761)

MARC детайли
000 -Лидер
Контролно поле с фиксирана дължина nam a22 a 4500
003 - Код на организацията, давaща контролен номер
Контролно поле BLK
005 - Дата и час на последна редакция
Контролно поле 20211102160600.0
008 - Елементи от данни с фиксирана дължина
fixed length control field 180410b bul|||||r ||||||| ||bul||
010 ## - Наследен системен номер
LC control number KNG00159279000
040 ## - Източник на каталожния запис
Идентификатор на билиотеката - собственик на записа BLK
041 ## - Код за език
Код за езика на текст/звукозапис или на отделно заглавие Български
Код за езика КДБФ Български
080 ## - УДК
Текстов определител УДК Руска литература
УДК код - определител по УДК 821.161.1
УДК определител -93-32
УДК - код + определител 821.161.1-93-32
100 1# - Редна дума - Автор
Автор Брущейн, Александра Яковлевна
Авторска отговорност първи автор
R(LIN) 331886
139 ## - Редно поле
Редна дума Брущейн, Александра Яковлевна
Авторски знак Бро - Б 82
240 ## - Унифицирано заглавие
Унифицирано заглавие Дорога уходит вдаль / А. Бруштейн.
245 10 - Сведения за заглавието
Заглавие Пътят се простира далеко
Подзаглавни данни За средна училищна възраст
Редно поле (дума) Александра Яковлевна Брущейн; прев. от рус. Георги Иванов Жечев; * Александра Яковлевна Брущайн.
257 ## - Страна на издаване
Страна на създаване/издаване СССР
260 ## - Област на издателските данни
Място на издаване, разпространение и проч. София
Име на издателя, разпространителя и проч. Нар. младеж
Година на издаване 1957
300 ## - Физическа характеристика
Страници 240 с.
Размери/Мащаб 21 см
380 ## - Жанр
Жанр Детска худож. лит.
500 ## - Общи забележки
Забележка Ориг. загл. Дорога уходит вдаль / А. Бруштейн. - Авт. означена като Александра Брущайн.
700 1# - Други автори (авторска отговорност)
Лично име Жечев, Георги Иванов
Автороска отговорност (Описва отношението между автора и произведението) прев. от рус.
9 (RLIN) 369046
700 1# - Други автори (авторска отговорност)
Лично име Брущайн, Александра Яковлевна
Автороска отговорност (Описва отношението между автора и произведението) *
9 (RLIN) 43533
852 ## - Местоположение
Форматна сигнатура Цб 7362
856 4# - Електронен адрес и достъп
Електронен формат pdf - файл
856 4# - Електронен адрес и достъп
Електронен формат pdf - файл
999 ## - СИСТЕМНИ КОНТРОЛНИ НОМЕРА
Koha biblionumber 152761
Koha biblioitemnumber 152761
942 ## - АРТИКУЛИ
Вид на библиотечния материал Книги
Скрит в OPAC Не
Периодичен библиозапис Да
944 ## - СЪЗДАВАНЕ И РЕДАКЦИЯ на ЗАПИСА
Създаване/Редакция Създаване
Дата на регистрацията/редакция 04.04.2014
Статус, дата на статуса 04.04.2014 - от С1,Р / 04.04.2014
Служител, извършил регистрацията/редакцията Самет_Онур
944 ## - СЪЗДАВАНЕ И РЕДАКЦИЯ на ЗАПИСА
Създаване/Редакция Редакция
Дата на регистрацията/редакция 2021-11-02
Статус, дата на статуса 2021-11-02
Служител, извършил регистрацията/редакцията К.Д.
999 ## - СИСТЕМНИ КОНТРОЛНИ НОМЕРА
Koha biblioitemnumber 152761
Наличности
Код за отписване Код за изгубен артикул Източник на класификационната схема Код за повреда Коз за рестрикции Код за отдаване Артикулен № Име на библиотеката - собственик Име на библиотеката, в която се намира в момента Статус (Текущо местоположение) Дата на вписване в системата Местоположение - отдел Цена в лева Инвентарен номер Систематично азбучна сигнатура Баркод Номер на екземпляра Цена в евро Служебна бележка Служебен тип на артикула
  Не е изгубен Universal Decimal Classification Не е повреден без рестрикции ползва се в читалня 255348 Регионална библиотека "Любен Каравелов" Русе Регионална библиотека "Любен Каравелов" Русе Хранилище 1957-01-01 Хранилище 0.71 10994/57 Цб 7362 900000081673 1 0.36 Вид: СФ Дата: 01.01.1957 Книги
Изтеглен Не е изгубен Universal Decimal Classification Не е повреден без рестрикции заемане за дома 255349 Регионална библиотека "Любен Каравелов" Русе Регионална библиотека "Любен Каравелов" Русе Заемна - подръчен фонд 1957-01-01 Заемна - подръчен фонд 0.00 493/57-пф П 882-32/Б 82 493/57-пф 2 0.00 Вид: СФ Дата: 01.01.1957 Книги
Изтеглен Не е изгубен Universal Decimal Classification Не е повреден без рестрикции заемане за дома 255350 Регионална библиотека "Любен Каравелов" Русе Регионална библиотека "Любен Каравелов" Русе Заемна - подръчен фонд 1957-01-01 Заемна - подръчен фонд 0.00 10990/57 П 882-32/Б 82 10990/57 3 0.00 Вид: СФ Дата: 01.01.1957 Книги
Изтеглен Не е изгубен Universal Decimal Classification Не е повреден без рестрикции заемане за дома 255351 Регионална библиотека "Любен Каравелов" Русе Регионална библиотека "Любен Каравелов" Русе Заемна - подръчен фонд 1957-01-01 Заемна - подръчен фонд 0.00 10993/57 П 882-32/Б 82 10993/57 4 0.00 Вид: СФ Дата: 01.01.1957 Книги
Изтеглен Не е изгубен Universal Decimal Classification Не е повреден без рестрикции заемане за дома 255352 Регионална библиотека "Любен Каравелов" Русе Регионална библиотека "Любен Каравелов" Русе Детски отдел 1957-01-01 Детски отдел 0.00 11190/57 ДХ 820/899-32/Б 82 11190/57 5 0.00 Вид: СФ Дата: 01.01.1957 Книги
Изтеглен Не е изгубен Universal Decimal Classification Не е повреден без рестрикции заемане за дома 255353 Регионална библиотека "Любен Каравелов" Русе Регионална библиотека "Любен Каравелов" Русе Детски отдел 1957-01-01 Детски отдел 0.00 11191/57 ДХ 820/899-32/Б 82 11191/57 6 0.00 Вид: СФ Дата: 01.01.1957 Книги
Vip Innovations Ltd, Rousse, Bulgaria 2025